01776nam a2200385 a 4500001001000000003000500010005001700015008004100032010001100073011001100084040000900095090001000104100003700114245025100151260004100402500006000443502009700503590004000600590004000640590004000680590004000720590004000760650004500800650004500845650003500890650004300925650004400968856007001012901000701082942001001089942000601099999001901105952013101124952013501255000114181CHAP20220329144430.0171110s2017 mx a fsm |||||||spa d a110642 a111614 cCHAP aTesis1 aMartínez Diaz, Rocío913408310aEficiencia y productividad del agua en el cultivo del frijol (Phaseolus vulgaris L.) bajo el sistema de riego por temporal, en el Municipio de Rio Grande, Zacatecas comparando dos tipos de productores /h[En línea]cpor Rocío Martínez Diaz. aChapingo, Méx. :bEl autor,c2017. aPara ver el contenido del material haga clic en la liga aTesis (Ing. en Sistemas Agrícolas ) -- UACH. Unidad Regional Universitaria de Zonas Aridas aE8697GMMb05c20171110lUCH01h1006 aE8697GMMb05c20171110lUCH01h1014 aE8697GMMb05c20171110lUCH01h1204 aE8697GMMb05c20171110lUCH01h1206 aE8697GMMb05c20171110lUCH01h120714aAgua de riegoxAdministración.913101414aFrijolxAgricultura de temporal.913334714aFrijolxAgua requerida.94332014aFrijolxCostos de producción.94335514aFrijolxRendimientozZacatecas.9130937 aFinding aiduhttp://10.13.5.2/tesis/sist114181.pdfzTeclea aquí aBK cTESIS n0 c110642d110642 00104054718TESISaBCbBCd2017-11-10fTESISl0oTesisp114182-10r2019-12-31 00:00:00w2019-12-31yTESISzRecien adquirido 00102local4053708TESISaBCbBCcPA_TESISd2017-11-10fTESISl0oTesisp114182-20r2019-12-31 00:00:00tc.2w2019-12-31yTESIS